| 000 | 00661nam a2200169 i 4500 | ||
|---|---|---|---|
| 001 | 60933 | ||
| 003 | ES-MaACL | ||
| 005 | 20230906164332.0 | ||
| 007 | t| | ||
| 008 | 031107s1974 sp ||||1| spa d | ||
| 245 | 0 | 0 |
_aEstudio socio-económico de la comarca del Goiherri _b: de una economía rural a una economía industrial / _cSIADECO. |
| 260 |
_a[Bilbao : _bAsociación Centro Cultural del Goiherri, _c1974] |
||
| 300 |
_a372 p., 10 lám. ; _c22 cm. |
||
| 710 | 2 |
_aSociedad de Investigación Aplicada para el Desarrollo Comunitario (San Sebastián) _96678 |
|
| 710 | 2 |
_aAsociación Centro Cultural del Goiherri. _91520 |
|
| 852 |
_aES-MaACL _jE-7038 _bR.91479 |
||
| 999 |
_c60933 _d60933 |
||